| 000 | 01769nam a2200301 a 4500 | ||
|---|---|---|---|
| 001 | BRCA_2415 | ||
| 005 | 20190320203810.0 | ||
| 008 | 131108s1751----sp-a---###---#000-0dspa-u | ||
| 041 | _aspa | ||
| 044 | _asp | ||
| 084 |
_a056 _b.A46 _c1751 |
||
| 100 | 1 |
_aCervantes Saavedra, Miguel de _d1547-1616 _9213 |
|
| 245 | 1 | 0 |
_aVida y hechos del Ingenioso Cavallero Don Quixote de la Mancha _ccompuesto por Miguel de Cervantes Saavedra. |
| 260 |
_aMadrid _bPedro Alonso y Padilla _c1751 |
||
| 300 |
_a2 v. _bil. _c21 cm. |
||
| 500 | _aContenido : v 1. Primera parte. Algunos de los versos preliminares. Dedicatoria de Cide Hamete Benegeli a D. Quijote. Licencia. Suma de la tasa. Prólogo del autor. Dedicatoria de G. Mayáns I Síscar al Barón de Carteret. Censura de Juan de la Concepción. Suma de la Licencia y la tasa. Vida de Cervantes por Mayáns. Texto. -- v 2. Segunda parte. Versos preliminares. Obras posteriores de los académicos de Argamasilla. Aprovación de la segunda parte. Prólogo del autor. Texto | ||
| 500 | _aEdición : Nueva edición corregida e ilustrada con 44 láminas muy apropiadas a la materia. Dedicada al mismo D. Quijote por su chronista | ||
| 500 | _aCopia de la edición LO-055. Ejemplar bien conservado; encuadernado en piel; lomos y cubiertas adornados con filetes y escudos dorados Lúdovik Osterc | ||
| 500 | _aQM42 | ||
| 650 | 1 | 4 |
_aNovela española _yÉpoca clásica, 1500-1700 _9215 |
| 650 | 1 | 4 |
_aLiteratura española _yÉpoca clásica, 1500-1700 _9216 |
| 650 | 1 | 4 |
_aNovela española _ySiglo XVII _9217 |
| 650 | 1 | 4 |
_aDon Quijote (Personaje ficticio) _eNovela _9218 |
| 700 | 1 |
_aMayáns I Síscar, Gregorio _d1699-1781 _eBiógrafo _97098 |
|
| 740 | 0 | _aEl Ingenioso Hidalgo Don Quijote de la Mancha | |
| 902 | _aQFM | ||
| 942 |
_2lcc _cB |
||
| 999 |
_c2156 _d2156 |
||